000 00522nam a2200205Ia 4500
003 OSt
005 20230504143603.0
008 210423s2004 xx 000 0 und d
020 _a521704049
040 _cAL
041 _aeng
082 _a574.1916
_223
_bHAYD
100 _aHAYNIE (Donald T).
_964300
245 _aBiological thermodynamics.
260 _aBangalore
_bCambridge University Press
_c2004
300 _axv,379
_bPB
365 _b395
_cINR
906 _aBiological ; thermodynamics.
942 _2ddc
_cBK
999 _c163588
_d163588